000 00417nam a2200169Ia 4500
003 GCL
008 140319s9999 xx 000 0 eng d
040 _aGCL /
_cGCL
082 0 4 _a321.8
_bM D
100 1 _aMAIDMENT, RICHARD
245 1 0 _aDEMOCRACY /
_cMAIDMENT, RICHARD
260 _a[S.N] :
_bHODDER AND STOUGHTON ،
_c1994
300 _a248 P
650 0 4 _aDEMOCRACY
650 0 4 _aDEMOCRATIE
942 _2ddc
_cBK
999 _c24195
_d24195